000 00365nam a2200145Ia 4500
008 230917s9999||||xx |||||||||||||| ||und||
040 _e154878
_aMAIN
041 _aEnglish
082 _a491.22 L149N
100 _aLakshman Sarup
245 0 _aNigantoo tatha virukta
260 _aDelhi
_bMotilal Banarsidass
_c1967
300 _a292 p. + 68p + 418
942 _cBK
999 _c184079
_d184079